Quizzes
Events
Quiz Creation
Community
Videos
Private Events
Remove Ads
Sign In
Join for FREE
Feedback
Dark Mode
Quiz Categories
Sports
Geography
Music
Movies
Television
Just For Fun
Miscellaneous
History
Literature
Language
Science
Gaming
Entertainment
Religion
Holiday
For Kids
Quiz Lab
Recent
Popular Today
Quiz Kudos Today
Editor Picks
Curator Picks
Quizzes by...
Day
Popularity
Type
Ratings
Length
Year
Community
Subscriptions
Recent Discussions
Orange Saloon
Badges
Playlists
Quests
Create
Leaderboards
Showdown
Live 5
Trivia Bingo
Activity
Puzzle Library
Sporcle Events
Private Events
Virtual Trivia
Globe League
Become a Host
Pub Owners
SporcleCon
Opinionation
Our Games
Videos
Blog
Mobile Apps
Partnerships
Remove Ads and Go Orange
Feedback
Sports
Athletes
MLB
NBA
NHL
NFL
Soccer
Sports Teams
WWE
NCAA
Football
Premier League
Basketball
Baseball
Hockey
Golf
Tennis
Cricket
Rugby
Auto Racing
Olympics
World Cup
Sports
Athletes
MLB
NBA
NHL
NFL
Soccer
Sports Teams
WWE
NCAA
Football
Premier League
Basketball
Baseball
Hockey
Golf
Tennis
Cricket
Rugby
Auto Racing
Olympics
World Cup
Random Quiz
Search Sporcle
×
Quiz Lab
Quiz Lab
Sports
NCAA
Type in answers that appear in a list
Type in answers that appear in a list
Classic
Best Score? Go Orange.
2013 NCAA Tournament Round of 64 Stats
Can you name the 2013 NCAA Tournament Round of 64?
By
sanchize37
5m
32 Questions
69 Plays
69 Plays
69 Plays
Comments
Comments
Give Quiz Kudos
Give Quiz Kudos
-
- Ratings
hide this ad
Replay
Link that replays current quiz
Next Quiz
Link to next quiz in quiz playlist
You Got
0%
They Got
Avg Score
86%
Avg Friend Score
Upgrade to see
Score Distribution
Jump to the score distribution portion of the page
Score
0/32
Timer
05:00
0
Plays Today
Winning Team
Losing Team
% Correct
12 Oregon
5 Oklahoma State
98.6%
9 Temple
8 NC State
97.1%
13 La Salle
4 Kansas State
97.1%
15 Florida Gulf Coast
2 Georgetown
95.7%
14 Harvard
3 New Mexico
94.2%
8 North Carolina
9 Villanova
92.8%
7 San Diego State
10 Oklahoma
92.8%
12 Ole Miss
5 WIsconsin
91.3%
7 Creighton
10 Cincinnati
91.3%
11 Minnesota
6 UCLA
91.3%
4 Saint Louis
13 New Mexico State
89.9%
4 Michigan
13 South Dakota State
89.9%
9 Wichita State
8 Pittsburgh
88.4%
3 Marquette
14 Davidson
87%
1 Gonzaga
16 Southern
87%
7 Illinois
10 Colorado
87%
Winning Team
Losing Team
% Correct
6 Butler
11 Bucknell
85.5%
12 California
5 UNLV
85.5%
3 Florida
14 Northwestern State
85.5%
6 Arizona
11 Belmont
84.1%
10 Iowa State
7 Notre Dame
84.1%
5 VCU
12 Akron
81.2%
2 Duke
15 Albany
81.2%
1 Kansas
16 Western Kentucky
81.2%
3 Michigan State
14 Valparaiso
79.7%
6 Memphis
7 Saint Mary's
79.7%
4 Syracuse
13 Montana
79.7%
1 Louisville
16 North Carolina A&T
78.3%
8 Colorado State
9 Missouri
78.3%
2 Ohio State
15 Iona
78.3%
1 Indiana
16 James Madison
73.9%
2 Miami
15 Pacific
72.5%
Quiz Playlist
Details
Report
Send in Message
Add To Playlist
Classic:
Type in answers that appear in a list
Last Updated: Feb 16, 2017
Quiz Scoreboard
CHALLENGE
Sign Up to Join the Scoreboard
Show All
Scores
Hide
Comments
May contain spoilers
Recently Published
Presidents Visiting Landmarks
by Hejman
History
7m
An Introduction to Baseball
by treessimontrees
Sports
5m
Movies - When Are They Set?
by FPL_Elf
Movies
5m
More to Explore
Quiz From the Vault
Featured Blog Post
Where Did the Easter Bunny Come From?
hide this ad
You Might Also Like...
Tags
NCAA Quiz
2013
Leading
Losing
round
Scorer
team
Tournament
Winning
Today's Top Quizzes in Sports
Browse Sports
hide this ad
Today's Top Quizzes in NCAA
Browse NCAA
Top Contributed Quizzes in Sports
1
Les meilleurs buteurs des matchs entre le PSG et l’OM
2
2022 World Cup Stars
3
FIFA Club World Cup Champions
4
Les entraîneurs de l'OM et du PSG au 21e siècle
5
Name the Premier League winners with different clubs
6
La finale Lions - Afrique du Sud 2021
7
England Test cricketers to play under Nasser Hussain
8
5-to-1: UK Sports Teams
9
Les joueurs passés par le LOSC et le RC Lens
10
Criteria MLB: Left Handed Sluggers
Explore More
Trending Topics
Crossword
Kpop
Harry Potter
Disney
Marvel
NBA
Anime
Pokémon
Puzzle
The Office
Song
WWE
Country
NFL
Soccer
hide this ad
More By:
sanchize37
Quiz
Plays
Rating
Category
Featured
Created
MLB Chain Quiz
273,748
1.43
Sports
May 18, 2012
NBA 2k12 Player Rated 90 or Over
7,076
3.67
Sports
May 19, 2012
NBA Active 7 Footers
587
5.00
Sports
Jan 2, 2012
Madden 13 Receivers Rated Over 90
514
3.50
Sports
Aug 20, 2012
Yankee Homerun Leaders(Top 25)
465
Sports
Nov 13, 2011
Go to Creator's Profile
Score Distribution
Quiz Creator Spotlight
sanchize37
Follow
Send a Message
Quizzes Created
-
Created Quiz Play Count
-
More By This Creator
Popular Quizzes Today
1
Find the US States - No Outlines Minefield
2
Find the Countries of Europe - No Outlines Minefield
3
The Countries of the World
4
Popular People in 1961
5
Find the US States
6
US States
7
Risky Map Clicking: Biggest States A-Z
8
1-10 Letter E Words III
More Sports Quizzes
Name the athletes on the New England Big 4 Teams
Curator's Pick
Trending Quizzes
Risky Map Clicking: Least Populous States A-Z
1-10 Letter G Words
1-10 Letter F Words
One Thing in Common: United Kingdom
Risky Map Clicking: Next State Alphabetically
Recently Updated
Leaping Animals
pecheneg
Reality TV Shows (A-Z)
bhenderson79
Rickey Henderson's Hall of Fame Teammates
pecheneg
Champions League XIs: Arsenal
pecheneg
Quick Pick: Celebrities in WWE's Hall of Fame
aduchscher
A-Z Keypad Blitz II
pecheneg
Multiple Oscar Actors
pecheneg
Mystery Phrase Blitz: Oscar 'Best Actors'
pecheneg
F. Scott Fitzgerald Novels
LTH
Pick 3 Villains
ddd62291
Trending Topics
NBA
Harry Potter
Marvel
Crossword
Kpop
Disney
Anime
Puzzle
Pokémon
Soccer
WWE
NFL
Country
Song
The Office
Your Account Isn't Verified!
In order to create a playlist on Sporcle, you need to verify the email address you used during registration. Go to your
Sporcle Settings
to finish the process.
Report this User
Report this user for behavior that violates our
Community Guidelines
.
Details:
Send Report
Go to the Sporcle.com Mobile Site →
Comments